[Event "Let's Play Chess!"]
[Site "http://www.queenalice.com/game.php?id=473012"]
[Date "2008.10.5"]
[Round "-"]
[White "yvan23"]
[Black "sioux"]
[Result "1-0"]
[WhiteElo "1100"]
[BlackElo "1687"]

1. d4 d5 2. c4 Nf6 3. Nc3 dxc4 4. e3 Be6 5. Nf3 Bd5 6. Qa4+ Nbd7 7. Nxd5 Nxd5 8.
Bxc4 e6 9. Bxd5 exd5 10. Qb5 b6 11. Qxd5 Be7 12. Bd2 O-O 13. O-O Nf6 14. Qc4 a5
15. Rac1 Bd6 16. Rfe1 Ng4 17. h3 Nf6 18. e4 Be7 19. Qxc7 Rc8 20. Qxd8 Rfxd8 21.
d5 Rxc1 22. Bxc1 Bb4 23. Bd2 Bxd2 24. Nxd2 b5 25. Rc1 a4 26. f3 h6 27. Kf2 g5
28. Nf1 Kg7 29. Ne3 Kg6 30. Rc6 Rb8 31. Ng4 h5 32. Nxf6 b4 33. Nd7+ 1-0

[Event "Let's Play Chess!"]
[Site "http://www.queenalice.com/game.php?id=475130"]
[Date "2008.10.9"]
[Round "-"]
[White "Aldino"]
[Black "yvan23"]
[Result "0-1"]
[WhiteElo "1880"]
[BlackElo "1100"]

1. e4 c5 2. c4 d6 3. Nf3 Nf6 4. d3 Nc6 5. a3 e6 6. Nc3 Be7 7. Be2 a6 8. d4 cxd4
9. Nxd4 e5 10. Nxc6 bxc6 11. Qa4 Qc7 12. Bd2 Bb7 13. O-O O-O 14. Nd1 Nxe4 15.
Ba5 Qd7 16. Qc2 Nc5 17. Ne3 Bd8 18. Bxd8 Raxd8 19. Bg4 Qe7 20. Nf5 Qg5 21. h3 g6
22. Ng3 f5 23. Be2 Ne6 24. Qb3 Rd7 25. c5 d5 26. Qc3 f4 27. Nh1 Nd4 28. Rae1 f3
29. Bxf3 Nxf3+ 0-1

[Event "Let's Play Chess!"]
[Site "http://www.queenalice.com/game.php?id=476621"]
[Date "2008.10.13"]
[Round "-"]
[White "Viper3910"]
[Black "yvan23"]
[Result "0-1"]
[WhiteElo "1867"]
[BlackElo "1200"]

1. e4 c5 2. Bc4 d6 3. Qh5 e6 4. Nf3 Nf6 5. Qh4 Nc6 6. Nc3 Ne7 7. e5 Ng6 8. Qh3
dxe5 9. d3 Be7 10. Bg5 h6 11. Bxf6 Bxf6 12. g3 a6 13. O-O-O b5 14. Bb3 Qb6 15.
Ne4 Be7 16. Nfd2 a5 17. a3 a4 18. Ba2 b4 19. Nc4 Qc6 20. axb4 cxb4 21. f3 Ba6
22. Qg2 Bxc4 23. Bxc4 b3 24. Nc3 Qb7 25. Bb5+ Kf8 26. Bxa4 Bg5+ 27. Kb1 bxc2+
28. Qxc2 Be3 29. Rhe1 Bd4 30. b3 Rc8 31. Rc1 Rxc3 32. Qxc3 Bxc3 33. Rxc3 Ke7 34.
Re4 Rc8 35. Rxc8 Qxc8 36. Rc4 Qd8 37. Kc2 Qa5 38. Kd1 Nf8 39. h4 Nd7 40. Re4 Nc5
41. Rxe5 Qc3 42. Re3 Nxb3 43. Bxb3 Qxb3+ 44. Ke1 Qb1+ 45. Kf2 Qc2+ 46. Re2 Qxd3
47. Re4 f5 48. Re3 Qd4 49. f4 g5 0-1

[Event "Let's Play Chess!"]
[Site "http://www.queenalice.com/game.php?id=488450"]
[Date "2008.11.5"]
[Round "-"]
[White "yvan23"]
[Black "constantin"]
[Result "1-0"]
[WhiteElo "1463"]
[BlackElo "1768"]

1. d4 d5 2. c4 dxc4 3. Nf3 h6 4. e3 b5 5. a4 Ba6 6. axb5 Bxb5 7. Nc3 c6 8. Ne5
Qb6 9. Qf3 Nf6 10. Nxb5 Qxb5 11. Bxc4 Qb7 12. Bxf7+ Kd8 13. Bd2 Nbd7 14. Nxc6+
Kc8 15. Rc1 Qb6 16. Ba5 Qxb2 17. Nxe7+ Kb8 18. Rc8# 1-0

[Event "Let's Play Chess!"]
[Site "http://www.queenalice.com/game.php?id=488451"]
[Date "2008.11.5"]
[Round "-"]
[White "SRIVERO"]
[Black "yvan23"]
[Result "0-1"]
[WhiteElo "1685"]
[BlackElo "1374"]

1. d4 d5 2. c4 e6 3. Nf3 Nf6 4. e3 c5 5. Nc3 Nc6 6. Bd3 dxc4 7. Bxc4 cxd4 8.
exd4 Be7 9. O-O O-O 10. Re1 a6 11. Qc2 Nxd4 12. Nxd4 Qxd4 13. Bd3 b5 14. Be3 Qh4
15. Rac1 Bb7 16. f3 Rac8 17. Qf2 Qxf2+ 18. Kxf2 Rfd8 19. Be4 Nxe4+ 20. Nxe4 h6
21. Red1 Bxe4 22. Rxd8+ Rxd8 23. fxe4 Bg5 24. Bxg5 hxg5 25. Rc2 Kf8 26. e5 Ke7
27. b4 Rd5 28. Rc7+ Rd7 29. Rc6 Rd2+ 30. Kf3 Rxa2 31. Rb6 g6 32. Rb7+ Kf8 33.
Kg3 Re2 34. Ra7 Rxe5 35. Rxa6 Re4 36. Rb6 Rxb4 37. h3 Kg7 38. h4 gxh4+ 39. Kh3
g5 40. g4 hxg3 41. Kxg3 Kf6 42. Kf3 Ke5 43. Rb7 f5 44. Rc7 g4+ 45. Kg3 Rb3+ 46.
Kg2 Rb2+ 47. Kg3 Ke4 48. Rc3 e5 49. Rc1 Rb3+ 50. Kg2 f4 51. Re1+ Kf5 52. Kf2
Rb2+ 53. Kg1 g3 54. Kh1 f3 55. Rd1 Rh2+ 56. Kg1 f2+ 57. Kf1 Rh1+ 58. Ke2 Rxd1
59. Kxd1 f1=Q+ 60. Kc2 Qf3 61. Kd2 g2 62. Ke1 g1=Q+ 63. Kd2 Qh2+ 64. Ke1 Qfh1#
0-1

[Event "Let's Play Chess!"]
[Site "http://www.queenalice.com/game.php?id=489597"]
[Date "2008.11.7"]
[Round "-"]
[White "yvan23"]
[Black "DrIgO"]
[Result "1-0"]
[WhiteElo "1302"]
[BlackElo "1407"]

1. d4 d5 2. c4 g6 3. Bf4 Bh6 4. Bxh6 Nxh6 5. Nf3 O-O 6. e3 b6 7. Nc3 c6 8. cxd5
cxd5 9. Bd3 Nc6 10. Rc1 Nb4 11. Bb1 b5 12. a3 Nc6 13. b4 a5 14. Qb3 axb4 15.
axb4 Qd6 16. Nxb5 Qxb4+ 17. Qxb4 Nxb4 18. O-O Nd3 19. Bxd3 Ng4 20. Ra1 Bf5 21.
Bxf5 gxf5 22. h3 Nf6 23. Ne5 Kh8 24. Rxa8 Rxa8 25. Nxf7+ Kg7 26. Ne5 Ne4 27. Nc7
Ra2 28. Nxd5 Nd2 29. Re1 e6 30. Nf4 Ra5 31. Nxe6+ Kf6 32. Nf4 Ne4 33. Rc1 Ra2
34. Ned3 h5 35. Nxh5+ Kg5 36. Nhf4 Rd2 37. g3 Nf6 38. Rc6 Rd1+ 39. Kg2 Rd2 40.
h4+ Kg4 41. Rxf6 Rb2 42. Rg6# 1-0

[Event "Let's Play Chess!"]
[Site "http://www.queenalice.com/game.php?id=489599"]
[Date "2008.11.7"]
[Round "-"]
[White "DrIgO"]
[Black "yvan23"]
[Result "0-1"]
[WhiteElo "1409"]
[BlackElo "1200"]

1. d4 d5 2. b3 Nf6 3. Na3 e6 4. Bb2 c6 5. Qd3 Bxa3 6. Bxa3 Nbd7 7. O-O-O Ne4 8.
Qe3 Ndf6 9. Qg5 Nxg5 10. g4 Nge4 11. Nh3 Nc3 12. Rd3 Nce4 13. Rf3 Qa5 14. g5
Qxa3+ 15. Kb1 Nd2+ 16. Ka1 Qc1# 0-1

[Event "Let's Play Chess!"]
[Site "http://www.queenalice.com/game.php?id=496252"]
[Date "2008.11.21"]
[Round "-"]
[White "yvan23"]
[Black "spawnwolfwolverine"]
[Result "1-0"]
[WhiteElo "1541"]
[BlackElo "1696"]

1. d4 d5 2. c4 e6 3. Nc3 Bb4 4. Nf3 Nf6 5. Bg5 O-O 6. e3 b6 7. cxd5 exd5 8. Rc1
Bg4 9. Be2 c5 10. a3 Bxc3+ 11. Rxc3 cxd4 12. Nxd4 Bxe2 13. Qxe2 h6 14. Bh4 g5
15. Bg3 Ne4 16. Rc1 Nxg3 17. hxg3 f5 18. Ne6 Qf6 19. Nxf8 Qxf8 20. Qh5 Kh7 21.
Rc7+ Kh8 22. Qg6 Qg8 23. Rxh6+ Qh7 24. Qxh7# 1-0

[Event "Let's Play Chess!"]
[Site "http://www.queenalice.com/game.php?id=496253"]
[Date "2008.11.21"]
[Round "-"]
[White "spawnwolfwolverine"]
[Black "yvan23"]
[Result "0-1"]
[WhiteElo "1632"]
[BlackElo "1587"]

1. c4 c5 2. d3 g6 3. e4 Bg7 4. g3 Nc6 5. Bg2 d6 6. Nf3 Nf6 7. O-O O-O 8. Nc3 e6
9. Bg5 h6 10. Bxf6 Bxf6 11. a3 Kh7 12. Rb1 a6 13. Ne2 b6 14. b4 Rb8 15. b5 axb5
16. cxb5 Na5 17. a4 Bb7 18. Nh4 d5 19. f3 dxe4 20. dxe4 g5 21. Qxd8 Rbxd8 22. g4
gxh4 23. h3 Rd2 24. Nf4 Rfd8 25. Nh5 Bh8 26. Rf2 Bd4 27. Rf1 Bxf2+ 28. Rxf2 Nc4
29. Rxd2 Rxd2 30. Nf6+ Kg6 31. Nh5 Ra2 32. Nf4+ Kh7 33. Kf1 e5 34. Nd5 Bxd5 35.
exd5 Ne3+ 36. Ke1 Nxg2+ 37. Kd1 Ne3+ 38. Kc1 Nxd5 39. f4 exf4 40. a5 bxa5 41. b6
Nxb6 42. g5 hxg5 43. Kb1 Rd2 44. Kc1 Nc4 45. Kb1 f3 46. Kc1 f2 47. Kb1 f1=R# 0-1

[Event "Challenge"]
[Site "http://www.queenalice.com/game.php?id=496421"]
[Date "2008.11.21"]
[Round "-"]
[White "constantin"]
[Black "yvan23"]
[Result "0-1"]
[WhiteElo "1803"]
[BlackElo "1621"]

1. e4 c5 2. Bc4 d6 3. Nc3 Nf6 4. h3 a6 5. a3 Nc6 6. d3 b5 7. Ba2 e6 8. Nf3 Be7
9. Bg5 Bb7 10. Bxf6 Bxf6 11. Qd2 O-O 12. O-O Qc7 13. Ne2 Bxb2 14. Rab1 Bxa3 15.
Rb3 Bb4 16. c3 Ba5 17. Bb1 Bb6 18. Qc2 Ne7 19. d4 Rac8 20. e5 Ng6 21. exd6 Qxd6
22. Ne5 cxd4 23. Nxg6 hxg6 24. Rd1 Qd5 25. f3 d3+ 26. Kh1 dxc2 27. Rxd5 cxb1=Q+
28. Rxb1 Bxd5 29. Ra1 a5 30. Rb1 Bc4 31. Nd4 Bxd4 32. cxd4 Rfd8 33. Ra1 a4 34.
Kh2 Rxd4 35. Kg3 Ra8 36. Kf2 a3 37. Ke3 Rd3+ 38. Ke4 a2 39. h4 Rad8 40. g4 R8d4+
0-1

[Event "Challenge"]
[Site "http://www.queenalice.com/game.php?id=497436"]
[Date "2008.11.23"]
[Round "-"]
[White "gordon15"]
[Black "yvan23"]
[Result "0-1"]
[WhiteElo "1086"]
[BlackElo "1541"]

1. e3 d5 2. Bb5+ c6 3. Ba4 Nf6 4. Nh3 e5 5. c4 Bd7 6. Ng5 h6 7. Nf3 Be7 8. Nxe5
O-O 9. Nf3 Bg4 10. Nh4 Bxd1 11. Kxd1 Ne4 12. Nf3 Nxf2+ 0-1

[Event "Let's Play Chess!"]
[Site "http://www.queenalice.com/game.php?id=555958"]
[Date "2009.3.14"]
[Round "-"]
[White "yvan23"]
[Black "spawnwolfwolverine"]
[Result "1-0"]
[WhiteElo "1634"]
[BlackElo "1640"]

1. d4 d5 2. c4 dxc4 3. Nf3 e6 4. e3 b5 5. a4 Bb4+ 6. Bd2 Bxd2+ 7. Nbxd2 c6 8.
Ne5 Nf6 9. axb5 cxb5 10. b3 O-O 11. bxc4 bxc4 12. Bxc4 Bb7 13. O-O Nc6 14. Ndf3
Nxe5 15. Nxe5 Nd5 16. Bd3 f6 17. Nf3 a5 18. Qb3 Bc6 19. Bxh7+ Kxh7 20. Qc2+ f5
21. Qxc6 Rf6 22. Ne5 g6 23. Rfb1 Ne7 24. Qb7 Kh6 25. g3 g5 26. Rc1 Nd5 27. Nf7+
Rxf7 28. Qxf7 Nb4 29. Qxe6+ Kh5 30. Qxf5 Qd5 31. Qh7+ Kg4 32. h3+ Kf3 33. Qh5+
Ke4 34. Qg4+ Kd3 35. Ra3+ Kd2 36. Qd1# 1-0

[Event "Let's Play Chess!"]
[Site "http://www.queenalice.com/game.php?id=555961"]
[Date "2009.3.14"]
[Round "-"]
[White "spawnwolfwolverine"]
[Black "yvan23"]
[Result "0-1"]
[WhiteElo "1657"]
[BlackElo "1659"]

1. c4 Nf6 2. d3 d5 3. c5 c6 4. d4 Qc7 5. e3 e5 6. Nf3 exd4 7. exd4 Be7 8. Be2
O-O 9. O-O Bg4 10. Bg5 Nbd7 11. Nbd2 Rfe8 12. a3 h6 13. Bxf6 Nxf6 14. b4 a6 15.
Ne5 Bxe2 16. Qxe2 Nd7 17. Nxd7 Qxd7 18. Nf3 Qg4 19. Qd3 Bf6 20. Rae1 Re4 21. h3
Qe6 22. Rxe4 dxe4 23. Qe3 exf3 24. Qxe6 fxe6 25. Rd1 fxg2 26. Kxg2 Rd8 27. f4
Rxd4 28. Rxd4 Bxd4 29. Kf3 Bb2 30. a4 Ba3 31. b5 Bxc5 32. bxc6 bxc6 33. h4 Kf7
34. h5 Kf6 35. Ke4 Bd6 36. a5 Bc5 37. f5 exf5+ 38. Kf4 Ke6 39. Kf3 Ke5 40. Kg3
Ke4 41. Kh4 Ke3 42. Kg3 f4+ 43. Kg4 f3 44. Kf5 f2 45. Kg6 Bd4 46. Kh7 f1=Q 47.
Kg8 Qf6 48. Kh8 g6+ 49. Kh7 Qg7# 0-1

[Event "Challenge"]
[Site "http://www.queenalice.com/game.php?id=559422"]
[Date "2009.3.21"]
[Round "-"]
[White "yvan23"]
[Black "Bigorna"]
[Result "1-0"]
[WhiteElo "1682"]
[BlackElo "1788"]

1. d4 d5 2. c4 e6 3. Nc3 dxc4 4. Nf3 Bd7 5. e3 b5 6. a4 c6 7. axb5 cxb5 8. Ne5
Bb4 9. Qf3 f6 10. Qh5+ g6 11. Nxg6 hxg6 12. Qxh8 Ke7 13. Qg7+ Kd6 14. Qxg6 a5
15. Bd2 Kc7 16. Nxb5+ Bxb5 17. Bxb4 Nc6 18. Bc3 Nb4 19. Be2 Kd6 20. O-O f5 21.
Qg7 Bc6 22. Bxc4 Qb8 23. Qe5+ Kd7 24. Qxe6+ Kc7 25. d5 Bd7 26. Be5+ 1-0

[Event "Challenge"]
[Site "http://www.queenalice.com/game.php?id=559442"]
[Date "2009.3.21"]
[Round "-"]
[White "sejalivre"]
[Black "yvan23"]
[Result "1-0"]
[WhiteElo "1623"]
[BlackElo "1663"]

1. c4 Nf6 2. g3 e6 3. Nc3 d5 4. Bg2 Be7 5. e3 O-O 6. h3 Nc6 7. d4 b6 8. g4 g6 9.
g5 Nh5 10. cxd5 exd5 11. Nf3 Be6 12. e4 dxe4 13. Nxe4 Bd5 14. Nc3 Re8 15. O-O
Bc4 16. Re1 Qd7 17. Ne5 Nxe5 18. Rxe5 Rad8 19. Be3 Bf8 20. Rxe8 Qxe8 21. Qa4
Qxa4 22. Nxa4 Ng7 23. Rc1 Bb5 24. Nc3 Bd7 25. Nd5 1-0

[Event "Let's Play Chess!"]
[Site "http://www.queenalice.com/game.php?id=567175"]
[Date "2009.4.5"]
[Round "-"]
[White "yvan23"]
[Black "lafasouza"]
[Result "1-0"]
[WhiteElo "1742"]
[BlackElo "1702"]

1. d4 d5 2. c4 Nf6 3. Nc3 dxc4 4. Nf3 e6 5. e3 h6 6. Bxc4 g5 7. h3 c6 8. Bd3 b5
9. a3 g4 10. hxg4 Nxg4 11. Nxb5 cxb5 12. Be4 Nd7 13. Bxa8 Ba6 14. Be4 Ngf6 15.
Bd3 Rg8 16. Rg1 Qb8 17. b4 Bd6 18. Bb2 Ng4 19. Rc1 Bh2 20. Nxh2 Qxh2 21. Ke2 Qh4
22. Qe1 Qh5 23. f3 Ngf6 24. Rc7 Qh2 25. Rxa7 Rxg2+ 26. Rxg2 Qxg2+ 27. Qf2 Qh1
28. Rxa6 Ke7 29. e4 h5 30. e5 Nd5 31. Bxb5 Nf4+ 32. Kd2 h4 33. Ra7 Qg2 34. Qxg2
Nxg2 35. Rxd7+ Kf8 36. Rc7 h3 37. Rc1 h2 38. Rh1 Nh4 39. Ke2 Ke7 40. Rxh2 Nf5
41. Rh8 Ng3+ 42. Kf2 Nf5 43. Re8# 1-0

[Event "Let's Play Chess!"]
[Site "http://www.queenalice.com/game.php?id=567177"]
[Date "2009.4.5"]
[Round "-"]
[White "spawnwolfwolverine"]
[Black "yvan23"]
[Result "0-1"]
[WhiteElo "1618"]
[BlackElo "1710"]

1. c4 e6 2. d3 d5 3. cxd5 exd5 4. g3 Nf6 5. Bg2 Be7 6. Nf3 O-O 7. O-O c6 8. Bg5
h6 9. Bxf6 Bxf6 10. Nc3 Nd7 11. a3 Ne5 12. Nxe5 Bxe5 13. e4 dxe4 14. Bxe4 Be6
15. Qf3 f5 16. Bxf5 Bxf5 17. Ne4 Bh3 18. Qe3 Bd4 19. Qd2 Bxf1 20. Kxf1 Qb6 21.
f4 Qxb2 22. Qxb2 Bxb2 23. Rb1 Bxa3 24. Rxb7 a5 25. d4 Bb4 26. Nc5 Bxc5 27. dxc5
a4 28. Rc7 a3 29. Rxc6 a2 30. h4 a1=Q+ 31. Kf2 Ra2+ 32. Kf3 Qh1+ 33. Kg4 Qxc6
34. f5 Qe4+ 35. Kh3 Qxf5+ 36. g4 Qf3# 0-1

[Event "Challenge"]
[Site "http://www.queenalice.com/game.php?id=567398"]
[Date "2009.4.5"]
[Round "-"]
[White "d4_wizard"]
[Black "yvan23"]
[Result "0-1"]
[WhiteElo "1626"]
[BlackElo "1727"]

1. d4 d5 2. c4 e6 3. Nc3 Nf6 4. Bg5 Be7 5. e3 O-O 6. Nf3 Nbd7 7. Rc1 c6 8. Bd3
dxc4 9. Bxc4 Nd5 10. Bxe7 Qxe7 11. Ne4 N5f6 12. Ng3 e5 13. O-O exd4 14. exd4 Nb6
15. Re1 Qb4 16. Qb3 Qxb3 17. Bxb3 Nbd5 18. Ne5 Be6 19. Ne4 Nxe4 20. Rxe4 Nf6 21.
Re3 Bd5 22. Rce1 Bxb3 23. Rxb3 Rab8 24. g3 Rfe8 25. Rbe3 Nd5 26. R3e2 Rbd8 27.
Kg2 f6 28. Ng4 Rxe2 29. Rxe2 Kf7 30. a3 Nc7 31. Re4 Ne6 32. d5 Rxd5 33. Kf3 Ng5+
0-1